00701cam a2200205u 450000100060000000300080000600500170001400800390003103500190007004000330008904100080012208200160013010000410014624500740018726000720026130000310033350400200036465000490038470000620043312942BD-RjUL20211208235359.0140130r19681960mnua 001 0 eng a(BD-RjUL)12992 aDLCcCarPdDLCdBD-RjULbeng aeng a616.89bDAM1 aDahlstrom, W. Grantq(William Grant)13aAn MMPI handbook;ba guide to use in clinical practice and research / aMinneapolis :bUniversity of Minnesota Press,c1960.[reprinted1968] a559 p. :billus. ;c26 cm. aIncludes index. 0aMinnesota Multiphasic Personality Inventory.1 aWelsh, George Schlager, [from old catalog]ejoint author.